000 002550000a22000970004500
100 1 _aWinter, Ralph D.
245 1 0 _aThe unifished task : A new perspective
300 _aVol. 15, Núm 51 (1988), Páginas 9-12
773 0 _tWorld Evangelization
942 _cANA
999 _c58093
_d58093